Представление документа в формате RUSMARC

ПолеНазваниеЗначение
  Тип записи a
  Библиографический уровень m
001 Контрольный номер RU/SLIB/B/247927438
005 Дата корректировки 20201206204535.8
010 Индекс ISBN __
a ISBN 978-5-222-11818-4
d Цена 73-04
101 Язык документа __
a Язык текста rus
c Язык оригинала rus
200 Заглавие и сведения об ответственности 0_
a Заглавие 100 интимных вопросов к гинекологу
f Первые сведения об ответственности Л. А. Серпионова
b Общее обозначение материала Текст
205 Сведения об издании __
a Основные сведения об издании Изд. 3-е
210 Выходные данные __
a Место издания Ростов н/Д
c Издательство Феникс
d Дата издания 2007
215 Физическое описание __
a Объем 217, [2] с.
225 Серия __
a Серия Будь здоров!
330 Аннотация __
a Аннотация В книге отражены вопросы, касающиеся функций репродуктивной системы в разные возрастные периоды жизни женщины.
517 Другие варианты заглавия __
a Другие варианты заглавия Сто интимных вопросов к гинекологу
606 Тематические рубрики __
a Основная рубрика Здравоохранение. Медицинские науки
606 Тематические рубрики __
a Основная рубрика Гинекология
606 Тематические рубрики __
a Основная рубрика Акушерство
610 Ключевые слова __
a Ключевые слова женское здоровье; репродуктивная система; менструальный цикл; беременность; контрацепция; гинекологические заболевания; воспалительные заболевания; инфекционные заболевания; ИППП; климакс; сексология
686 Индексы других классификаций __
a Классификационный индекс 57.1
700 Автор _1
a Фамилия Серпионова
b Имя Л. А.
4 Код отношения 070
801 Источник записи _0
a Страна RU
b Организация Муниципальное бюджетное учреждение культуры "Централизованная библиотечная система" г. Сургут (Центральная городская библиотека им. А. С. Пушкина)
g Правила каталогизации КиК/Дорошева
801 Источник записи _1
a Страна RU
b Организация Муниципальное бюджетное учреждение культуры "Централизованная библиотечная система" г. Сургут (Центральная городская библиотека им. А. С. Пушкина)
g Правила каталогизации КиК/Дорошева
852 Данные о местонахождении __
j Шифр хранения 57.1
c Каталожный индекс 57.1
i Авторский знак С 33
901 Тип документа __
t Тип документа m
903 Характеристики (МАРС) __
a Дата передачи 20071112
990 Данные о заказе (DOS) __
j Количество экземпляров (DOS) 2
t N записи в КСУ для И/У (DOS) 200711